| 000 | 00525nam a2200193 a 4500 | ||
|---|---|---|---|
| 005 | 20230202063724.0 | ||
| 008 | 030306s1997 mx r 000 0 spa d | ||
| 020 | _a9684114133 | ||
| 035 | _aUPN01000122587 | ||
| 049 | _aCG | ||
| 050 | 4 |
_aPQ7298.17 A7.4 _bD4.3 |
|
| 100 | 1 |
_aGargallo, Francesca, _d1956- _935168 |
|
| 245 | 1 | 3 |
_aLa decisión del capitán / _cFrancesca Gargallo. |
| 260 |
_aMéxico : _bEra, _c1997. |
||
| 300 | _a181 p. | ||
| 650 | 4 |
_aNovela mexicana _ySiglo XX _96052 |
|
| 905 | _aLibro | ||
| 999 |
_c94772 _d94772 |
||